Tally Hall And Side Projects All Songs Quiz - Statistics

General Stats
  • This quiz has been taken 10 times
  • The average score is 299 of 1087
Answer Stats
Album Answer % Correct
Marvin's Marvelous Mechanical Museum (2007) 13
100%
Marvin's Marvelous Mechanical Museum (2005) 13 (2005)
100%
Good & Evil &
100%
Tally Hall Live Songs & (Early Lyrics, Live @ Mr. Smalls Funhouse '09
100%
BORALOGUE VI & (Instrumental Snippet)
100%
BORALOGUE XIII Andrew's piano song #3 ((Welcome to Tally Hall)
100%
Marvin's Marvelous Mechanical Museum (2007) Dream (Bonus Track)
100%
Marvin's Marvelous Mechanical Museum (2007) Greener
100%
Marvin's Marvelous Mechanical Museum (2005) Greener (2005)
100%
Complete Demos Greener (Demo)
100%
Tally Hall's Internet Show - Death Request Greener (Instrumental Fragment)
100%
Morning Becomes Eclectic 2006 Greener (Live)
100%
Single Greener (Music Video Version)
100%
Party Boobytrap Greener ("oh man" at the end)
100%
Selections from the Upcoming Marvin's Marvelous Mechanical Museum Greener (Selections from the Upcoming M.M.M.M. Mix)
100%
Rob Cantor's Instagram Greener (Solo Rehearsal Snippet)
100%
Marvin's Marvelous Mechanical Museum (2007) Haiku
100%
Marvin's Marvelous Mechanical Museum (2005) Haiku (2005)
100%
Tally Hall's Internet Show - Potato Vs. Spoon Haiku (Lounge Version, Fragment)
100%
Marvin's Marvelous Mechanical Museum (2007) Hidden in the Sand
100%
Marvin's Marvelous Mechanical Museum (2005) Hidden in the Sand (2005)
100%
Complete Demos Hidden in the Sand (Demo)
100%
Welcome to Tally Hall Hidden in the Sand (no reversed cough at the end)
100%
Andrew Horowitz's TikTok Hidden in the Sand (Piano)
100%
Marvin's Marvelous Mechanical Museum (2007) Just Apathy
100%
ListenBlack ft. D Spectacular Just Apathy "#0"
100%
ListenBlack ft. D Spectacular Just Apathy #1
100%
ListenBlack ft. D Spectacular Just Apathy #2
100%
Marvin's Marvelous Mechanical Museum (2005) Just Apathy (2005)
100%
Complete Demos Just Apathy (Demo)
100%
NYC II: ROCK GTR Just Apathy (Piano & Guitar Snippets)
100%
Marvin's Marvelous Mechanical Museum (2007) Mucka Blucka (Bonus Track)
100%
Just a Friend EP Mucka Blucka (Just A Friend EP/7" Mix)
100%
Marvin's Marvelous Mechanical Museum (2007) Ruler of Everything
100%
Marvin's Marvelous Mechanical Museum (2005) Ruler of Everything (2005)
100%
Tally Hall Misc Demos Ruler of Everything (Alternate Demo Mix)
100%
Tally Hall Live Songs Ruler of Everything (Alternate Lyrics, Live @ MCC '05)
100%
Complete Demos Ruler of Everything (Demo)
100%
Hardly Working Ruler of Everything (Joe Hawley Vocal Snippet)
100%
Party Boobytrap Ruler of Everything (reversed cough at the end)
100%
Tally Hall Live Songs Ruler of Everything (Short Version, Live @ The Pingry School '05) [Only snippet available]
100%
Joe Hawley's Instagram Ruler of Everything (Ukulele Cover)
100%
Marvin's Marvelous Mechanical Museum (2007) Welcome to Tally Hall
100%
Marvin's Marvelous Mechanical Museum (2005) Welcome to Tally Hall (2005)
100%
Marvin's Marvelous Mechanical Museum (2006) Welcome to Tally Hall (2006, Alternate TFAR Transition)
100%
Admittedly Incomplete Demos Welcome to Tally Hall (Acoustic Demo)
100%
Complete Demos Welcome to Tally Hall (Demo)
100%
Marvin's Marvelous Mechanical Museum documentary Welcome to Tally Hall (Instrumental Fragment)
100%
Fearless Sessions - Season6 Vol.2 Welcome to Tally Hall - Live
100%
Single Welcome to Tally Hall (Music Video / Single Version)
100%
Tally Hall Misc Demos Welcome to Tally Hall (Pre-Ross Rehearsal)
100%
Good & Evil You
100%
Edu & Friends Live @ Los Angeles 2025 You (Alternate Lyrics, Live)
100%
Hawaii Partii 宇宙ステーションのレベル7 (8-Bit)
83%
Hawaii: Part II: Part ii 宇宙ステーションのレベル7 (Disco Chorus)
83%
Hawaii: Part II: Part ii 宇宙ステーションのレベル7 ("Heaven")
83%
Hawaii: Part II: Part ii 宇宙ステーションのレベル7 (Instrumental)
83%
Good & Evil A Lady
83%
Sonic Lunch 2016 A Lady (Alternate Tone, Live)
83%
Admittedly Incomplete Demos A Lady (Demo)
83%
Marvin's Marvelous Mechanical Museum (2007) Banana Man
83%
Marvin's Marvelous Mechanical Museum (2005) Banana Man (2005)
83%
Complete Demos Banana Man (Demo)
83%
Tally Hall's Internet Show - Good Night Banana Man (Instrumental Fragment)
83%
Morning Becomes Eclectic 2006 Banana Man (Live)
83%
Admittedly Incomplete Demos Banana Man (Lounge Version)
83%
NYC IV: FIREWORKS Banana Man (Opening Segment Snippet)
83%
NYC IV: FIREWORKS Banana Man ("Rock Melodica" Fragment)
83%
Marvin's Marvelous Mechanical Museum (2007) Be Born
83%
Marvin's Marvelous Mechanical Museum (2005) Be Born (2005)
83%
The Pingry EP Be Born (Acoustic)
83%
Tally Hall Live Songs Be Born (Alternate Lyrics, Live @ Studio A2 '08)
83%
Tally Hall Misc Demos Be Born (Instrumental Edit)
83%
Tally Hall's Internet Show Trailer Be Born (Instrumental Fragment
83%
Morning Becomes Eclectic 2006 Be Born (Live)
83%
Hawaii: Part II Black Rainbows
83%
Hawaii: Part II: Part ii Black Rainbows (A Capella Demo)
83%
Hawaii: Part II: Part ii Black Rainbows (Chanting Tutorial)
83%
Hawaii: Part II: Part ii Black Rainbows (Instrumental)
83%
Single Black Rainbows (Singalong Version)
83%
Hawaii: Part II 宇宙ステーションのレベル7
83%
Hawaii: Part II Dream Sweet in Sea Major
83%
Hawaii Partii Dream Sweet in Sea Major (8-Bit)
83%
Variations on a Cloud EP Dream Sweet in Sea Major (8-Bit, Variations on a Cloud EP/7" Locked Groove)
83%
Hawaii: Part II: Part ii Dream Sweet In Sea Major (Demo)
83%
Hawaii: Part II: Part ii Dream Sweet In Sea Major (Demo 2)
83%
Hawaii: Part II: Part ii Dream Sweet In Sea Major (Electric Guitar)
83%
Hawaii: Part II: Part ii Dream Sweet In Sea Major (Instrumental)
83%
Joe Hawley's Instagram Dream Sweet in Sea Major Keyboard
83%
Admittedly Incomplete Demos Go (Demo)
83%
Marvin's Marvelous Mechanical Museum (2007) Good Day
83%
Marvin's Marvelous Mechanical Museum (2005) Good Day (2005)
83%
Good Day Good Day (2006 Single Version, no Greener Transition)
83%
Single Good Day (2008 Music Video / Single Version, no Greener Transistion)
83%
Good Day stems Good Day (Acapella)
83%
Good Day stems Good Day - Acoustic Guitar
83%
Tally Hall Live Songs Good Day (Alternate Breakdown, Live @ Ann Arbors's 107.1 '06)
83%
Good Day stems Good Day - Backing Vocals
83%
Good Day stems Good Day - Bass
83%
Tally Hall Live Songs Good Day ("Circles and spinals in mind", Live @ LaundroMatinee '08)
83%
Complete Demos Good Day (Demo)
83%
Good Day stems Good Day - Drums
83%
NYC III: I'M SUPERMAN Good Day (Ending Snippets)
83%
Good Day stems Good Day (Instrumental)
83%
Good Day stems Good Day - Keys
83%
Good Day stems Good Day - Lead Guitar
83%
Good Day stems Good Day - Lead Vocals
83%
Morning Becomes Eclectic 2006 Good Day (Live)
83%
Fearless Sessions - Season7 Vol.3 Good Day - Live
83%
The Pingry EP Good Day (Mitch Albom Excerpt)
83%
Good Day stems Good Day - Rhythm Guitar
83%
The Sims 2 Good Day (Simlish Version)
83%
Good Day stems Good Day - Tambourine
83%
Good Day stems Good Day - Vocals and FX
83%
NYC III: I'M SUPERMAN Good Day (Vocal Snippet)
83%
Good & Evil Hymn for a Scarecrow
83%
BORALOGUE VIII Hymn for a Scarecrow (Bora's Whistling)
83%
Admittedly Incomplete Demos Hymn For A Scarecrow (Demo)
83%
Sofar Sounds 2106 | Sonic Lunch 2016 Hymn for a Scarecrow (Live) [Only snippet available]
83%
BORALOGUE VIII Hymn for a Scarecrow ("Looped Ending" Snippet)
83%
Andrew Horowitz's TikTok Hymn for a Scarecrow (Piano Solo)
83%
BORALOGUE IX Hymn for a Scarecrow (Ross Vocals)
83%
The Other Way | Videojuegos Volume 2 Intro
83%
ListenBlack ft. D Spectacular Intro by Andrew (sexy mofo) Laurich
83%
Hawaii: Part II Introduction to the Snow
83%
Hawaii: Part II: Part ii Introduction to the Snow (Demo)
83%
Hawaii: Part II: Part ii Introduction to the Snow (Instrumental)
83%
Hawaii: Part II Labyrinth
83%
Hawaii Partii Labyrinth (8-Bit)
83%
Labyrinth Labyrinth (8-Bit, less layers missing than before)
83%
Labyrinth Labyrinth (8-Bit, some layers missing)
83%
Hawaii: Part II: Part ii Labyrinth (A Capella Verses)
83%
Hawaii: Part II: Part ii Labyrinth (Chorus Demo)
83%
Hawaii: Part II: Part ii Labyrinth (Instrumental)
83%
Hawaii: Part II: Part ii Labyrinth ("I Rewind")
83%
Hawaii: Part II: Part ii Labyrinth (Royal Lions Chorus)
83%
Videojuegos Volume 1 Mega Man 2 Introduction
83%
Hawaii: Part II Murders
83%
Hawaii: Part II: Part ii Murders (1949 Steinway Samples)
83%
Hawaii Partii Murders (8-Bit)
83%
Joe Hawley Tally Hall Demos Murders (August 2009 Demo / Arranged)
83%
Hawaii: Part II: Part ii Murders (Demo)
83%
Hawaii: Part II: Part ii Murders (Instrumental)
83%
The Laboratory Piano Murders (The Laboratory Piano Solo)
83%
Hawaii: Part II: Part ii Murders (Vocal Effects)
83%
Andrew Horowitz's Instagram Sketches 3d Q&A Good Day Piano
83%
15 Seconds of Bora Space
83%
Marvin's Marvelous Mechanical Museum (2007) Spring and a Storm
83%
Marvin's Marvelous Mechanical Museum (2005) Spring and a Storm (2005)
83%
Joe Hawley Tally Hall Demos Spring and a Storm (Demo)
83%
Tally Hall's Internet Show - Welcome to Tally Hall Spring and a Storm ("Dream Journal" Version, Snippet)
83%
Sonic Lunch 2016 Spring and a Storm (Instrumental Edit + Live) [Only snippets available]
83%
Morning Becomes Eclectic 2006 Spring and a Storm (Live)
83%
Admittedly Incomplete Demos Spring and a Storm (Original Demo feat. Ryan Scott)
83%
NYC III: I'M SUPERMAN Spring and a Storm (Snippet)
83%
Hawaii: Part II Stranded Lullaby
83%
Hawaii Partii Stranded Lullaby (8-Bit)
83%
Hawaii: Part II: Part ii Stranded Lullaby (Demo)
83%
Hawaii: Part II: Part ii Stranded Lullaby (Demo 2)
83%
Hawaii: Part II: Part ii Stranded Lullaby (Demo 3)
83%
Hawaii: Part II: Part ii Stranded Lullaby ("Ghost")
83%
Hawaii: Part II: Part ii Stranded Lullaby (Instrumental)
83%
Hawaii: Part II: Part ii Stranded Lullaby (Sound Effects)
83%
Marvin's Marvelous Mechanical Museum (2007) Taken for a Ride
83%
Marvin's Marvelous Mechanical Museum (2005) Taken for a Ride (2005)
83%
Marvin's Marvelous Mechanical Museum (2006) Taken for a Ride (2006, Alternate WTTH Transition)
83%
The Pingry EP Taken for a Ride (Acoustic)
83%
Hardly Working Taken for a Ride (Andrew Horowitz Vocal Snippet)
83%
Marvin's Marvelous Mechanical Museum documentary Taken for a Ride (Instrumental Fragment)
83%
Morning Becomes Eclectic 2006 Taken for a Ride (Live)
83%
NYC IV: FIREWORKS Taken for a Ride (Short Instrumental Snippet)
83%
Marvin's Marvelous Mechanical Museum (2007) The Bidding
83%
Marvin's Marvelous Mechanical Museum (2005) The Bidding (2005)
83%
Sonic Lunch 2016 The Bidding (Alternate Lyrics, Live)
83%
Joe Hawley Tally Hall Demos The Bidding (Demo)
83%
NYC I: RE-MMMM The Bidding (Humming Snippet)
83%
Tally Hall's Internet Show - Good Day The Bidding (Instrumental Fragment) / Tally Mail Theme
83%
NYC II: ROCK GTR The Bidding (Jazz Version Fragments)
83%
Morning Becomes Eclectic 2006 The Bidding (Live)
83%
Fearless Sessions - Season6 Vol.3 The Bidding - Live
83%
Tally Hall Misc Demos The Bidding (Rough Mix)
83%
NYC I: RE-MMMM The Bidding (Snippet Montage)
83%
The Pingry EP The Bidding (The Pingry Version)
83%
Hawaii: Part II The Mind Electric
83%
Hawaii: Part II vinyl The Mind Electric [ + - ]
83%
Hawaii: Part II vinyl The Mind Electric [ - + ]
83%
Hawaii Partii The Mind Electric (8-Bit)
83%
Single The Mind Electric (Clear / Lyric Video Version)
83%
Hawaii: Part II: Part ii The Mind Electric (Cojum Dip Instrumental)
83%
Hawaii: Part II: Part ii The Mind Electric (Demo)
83%
Hawaii: Part II: Part ii The Mind Electric (Demo 2)
83%
Hawaii: Part II: Part ii The Mind Electric (Demo 3)
83%
Hawaii: Part II: Part ii The Mind Electric (Demo 4)
83%
The Laboratory The Mind Electric (Demo) (The Laboratory)
83%
Hawaii: Part II: Part ii The Mind Electric ("Gott")
83%
Hawaii: Part II: Part ii The Mind Electric ("Help Me/Axon-Dendrite")
83%
Hawaii: Part II: Part ii The Mind Electric (Instrumental)
83%
Joe Hawley's Instagram The Mind Electric Keyboard #1
83%
Joe Hawley's Instagram The Mind Electric Keyboard #2
83%
Tally Hall's Internet Show - Good Day The Mind Electric (Piano "Demo")
83%
Hawaii: Part II: Part ii The Mind Electric (Reamplification Effects)
83%
Hawaii: Part II: Part ii The Mind Electric (Sample - Sam Ku West Harmony Boys - "Sunkist Hawaii")
83%
Hawaii: Part II: Part ii The Mind Electric (Sample - Wolfgang Amadeus Mozart - Gloria - "Trinitatis")
83%
Hawaii: Part II: Part ii The Mind Electric ("Simon" Synth)
83%
Hawaii: Part II: Part ii The Mind Electric ("Teslacoil" Synth)
83%
Hawaii: Part II Time Machine
83%
Hawaii: Part II: Part ii Time Machine (Demo)
83%
Hawaii: Part II: Part ii Time Machine (Demo 2)
83%
Hawaii: Part II: Part ii Time Machine (Demo 3)
83%
Tally Hall Live Songs Time Machine (Early Lyrics, Live @ The Blind Pig '06)
83%
Hawaii: Part II: Part ii Time Machine (Instrumental)
83%
Hawaii: Part II White Ball
83%
Hawaii Partii White Ball (8-Bit)
83%
Hawaii: Part II: Part ii White Ball (Ad Libs)
83%
Hawaii: Part II: Part ii White Ball (Bridge Demo)
83%
Hawaii: Part II: Part ii White Ball (Giggle)
83%
Hawaii: Part II: Part ii White Ball (Instrumental)
83%
Hawaii: Part II: Part ii White Ball (Piano Melody Demo)
83%
Hawaii: Part II: Part ii White Ball (Raw Strings)
83%
Hawaii: Part II: Part ii White Ball (Solo Demo)
83%
Good & Evil Cannibal
67%
Admittedly Incomplete Demos Cannibal (Demo)
67%
Joe Hawley's Instagram Cannibal Guitar
67%
Hawaii: Part II Isle Unto Thyself
67%
Hawaii: Part II: Part ii Isle Unto Thyself (Demo)
67%
Hawaii: Part II: Part ii Isle Unto Thyself (Instrumental)
67%
Joe Hawley's Instagram Isle Unto Thyself Keyboard
67%
Single Isle unto Thyself (No Outro Transition / Music Video Version)
67%
Hawaii: Part II: Part ii Isle Unto Thyself (Wee-Oh)
67%
Just a Friend EP Just a Friend
67%
Tally Hall Misc Demos Just a Friend (2006 Mix)
67%
The Pingry EP Just a Friend (Live)
67%
Tally Hall's Internet Show - Good Night People Making More People / Variations on a Cloud (Outtakes Demo Snippet)
67%
Good & Evil Sacred Beast
67%
Admittedly Incomplete Demos Sacred Beast (Demo)
67%
Tally Hall Live Songs Sacred Beast (Early Lyrics, Live @ The Ralph Lauren Rugby Store '08)
67%
BORALOGUE VII Sacred Beast (Early Mix Snippet)
67%
BORALOGUE V Sacred Beast (Instrumental Snippet)
67%
BORALOGUE V Sacred Beast (Production Snippet)
67%
Tally Hall Misc Demos Sacred Beast (Rough Mix)
67%
RobCantor.com Shia LaBeouf (Demo)
67%
RobCantor.com Shia LaBeouf - Instrumental
67%
RobCantor.com Shia LaBeouf - Vocals Only
67%
Marvin's Marvelous Mechanical Museum (2007) The Whole World and You
67%
Marvin's Marvelous Mechanical Museum (2005) The Whole World and You (2005)
67%
The Pingry EP The Whole World and You (Acoustic)
67%
APRIL FOOLS The Whole World and You (Instrumental Snippet)
67%
Admittedly Incomplete Demos The Whole World and You (Punk Rehearsal)
67%
Good & Evil Turn the Lights Off
67%
Joe Hawley Tally Hall Demos Turn the Lights Off (2006 Demo)
67%
Admittedly Incomplete Demos Turn the Lights Off (Alternate Bridge)
67%
Tally Hall Live Songs Turn the Lights Off (Early Lyrics, Live @ Top of the Park '06)
67%
Single Turn the Lights Off ("Shower Demo")
67%
Marvin's Marvelous Mechanical Museum (2007) Two Wuv
67%
Marvin's Marvelous Mechanical Museum (2005) Two Wuv (2005)
67%
Admittedly Incomplete Demos Two Wuv (Alternate Bridges)
67%
Complete Demos Two Wuv (Demo)
67%
Single Two Wuv (Music Video Version)
67%
Tally Hall Live Songs Two Wuv (PuffyAmiYumi Lyrics, Live from the Super Ultimate Awesome tour '06) [Only snippet available]
67%
Tally Hall Misc Demos Two Wuv (Rough Mix)
67%
Single Variations on a Cloud
67%
Sonic Lunch 2016 Variations on a Cloud & Imagine a Jump (Instrumental Edit + Live, John Lennon / Van Halen Cover)
67%
Hawaii: Part II: Part ii Variations on a Cloud (Instrumental)
67%
Happy Monster Band - Season 2 Yin & Yang
67%
Joe Hawley Joe Hawley Black People White People
50%
Joe Hawley's Youtube Channel Black People White People (Demo)
50%
Joe Hawley's Youtube Channel Black People White People (Early Mix Snippet, from "Joe Hawley Advertisement 3")
50%
Joe Hawley's Instagram Black People White People (Studio Snippet)
50%
Joe Hawley's Youtube Channel Black People White People (Tally Hall Rehearsal)
50%
Joe Hawley Joe Hawley Bring Her Along
50%
Being Joe Hawley Bring Her Along (Being Joe Hawley Intro Remix)
50%
Joe Hawley's Instagram Bring Her Along Keyboard
50%
Joe Hawley PledgeMusic Demos Bring Her Along (No Claps, Instrumental Snippet)
50%
Joe Hawley PledgeMusic Demos Bring Her Along (Studio Snippet)
50%
Joe Hawley Joe Hawley Crazy F***
50%
Single Crazy F*** (Music Video Version)
50%
Good & Evil Fate of the Stars
50%
Admittedly Incomplete Demos Fate of the Stars (Demo)
50%
BORALOGUE IX Fate of the Stars ("Ooo" Montage)
50%
Not A Trampoline I'm Gonna Win
50%
Morning Becomes Eclectic 2006 I'm Gonna Win (Live)
50%
Single Light & Night
50%
Admittedly Incomplete Demos Light & Night (Demo)
50%
Good & Evil Never Meant to Know
50%
Tally Hall Misc Demos Never Meant to Know (Demo)
50%
Tally Hall Live Songs Never Meant to Know (Early Lyrics, Live @ The Ralph Lauren Rugby Store '08)
50%
BORALOGUE VI Never Meant to Know (Production Snippet #1)
50%
BORALOGUE VI Never Meant to Know (Production Snippet #2)
50%
Good & Evil Out in the Twilight
50%
Admittedly Incomplete Demos Out in the Twilight (Demo)
50%
BORALOGUE V Out in the Twilight (Production Snippets)
50%
Good & Evil You & Me
50%
BORALOGUE VII You & Me (Hip-Hop Fragment)
50%
Admittedly Incomplete Demos You & Me (Zubin Lead Vocal Rehearsal)
50%
The Pingry EP All of My Friends (Acoustic)
33%
Joe Hawley Tally Hall Demos All of my Friends (Electric Demo)
33%
We Think We're Playing In A Band: A Tribute To Tally Hall All Of My Friends ("Gary Patterson" Cover)
33%
γɘlwɒH ɘoႱ γɘlwɒH ɘoႱ Aristotle's Denial
33%
Joe Hawley's Youtube Channel Aristotle's Denial (Alternate Moses)
33%
Joe Hawley's Youtube Channel Aristotle's Denial (Cojum Dip "Kitchen GTR")
33%
Joe Hawley's Youtube Channel Aristotle's Denial (Demo)
33%
Joe Hawley's Youtube Channel Aristotle's Denial (Demo 2)
33%
Joe Hawley's Youtube Channel Aristotle's Denial (Duhs & "Fool Coda")
33%
Joe Hawley PledgeMusic Demos Aristotle's Denial ("Fool Coda" Orchestral Version)
33%
Joe Hawley PledgeMusic Demos Aristotle's Denial (Instrumental Studio Snippet)
33%
Joe Hawley's Youtube Channel Aristotle's Denial (Pre-LaBoratory)
33%
Joe Hawley PledgeMusic Demos Aristotle's Denial (Reversed, Kazoo + Guitar Stem)
33%
The Laboratory Piano Aristotle's Denial (The Laboratory Piano)
33%
Joe Hawley's Youtube Channel Aristotle's Denial (Tulsi Devi Strings)
33%
Joe Hawley Joe Hawley Bahamian Rap City
33%
Joe Hawley's Youtube Channel Bahamian Rap City (Demo Chorus)
33%
Joe Hawley's Youtube Channel Bahamian Rap City (Instrumental)
33%
Sonic Lunch 2016 Bahamian Rap City (Instrumental Edit + Live) [Only snippet available]
33%
Anonymous Break It Down
33%
Tally Hall Live Songs Break It Down (Tally Hall Version, Live @ Top of the Park '06)
33%
Single Candle on the Water
33%
Open Mic Night 2016 Candle on the Water (From "Pete's Dragon", Live, Take 1)
33%
Open Mic Night 2016 Candle on the Water (From "Pete's Dragon", Live, Take 2)
33%
Not A Trampoline Flamingo
33%
Not a Trampoline Demos Flamingo (Demo)
33%
Not A Trampoline Ghost
33%
Not a Trampoline Demos Ghost (Demo)
33%
Not a Trampoline Demos Ghost (Insturmental)
33%
Joe Hawley Joe Hawley Go to Bed
33%
Joe Hawley PledgeMusic Demos Go to Bed (Instrumental Snippet)
33%
Joe Hawley's Youtube Channel Go to Bed (Minimall Karaoke Edition)
33%
Joe Hawley's Youtube Channel Go to Bed (Wonka Vox)
33%
Joe Hawley Joe Hawley Joe Hawley Attacks
33%
Sonic Lunch 2016 Joe Hawley Attacks (Early Mix 2, heard during the live intro)
33%
Single Joe Hawley Attacks (Early Mix / Music Video Version)
33%
Not A Trampoline Lonely (But Not Alone)
33%
Not a Trampoline Demos Lonely (But Not Alone) / "So Much Left To Learn" (Demo)
33%
The Laboratory Mind Electric (Produced)
33%
Good & Evil Misery Fell
33%
Tally Hall Live Songs Misery Fell (Early Lyrics, Live @ Top of the Park '06)
33%
Single Moon Waltz - Piano Version
33%
Single Moon Waltz - Piano Version (Uncut Youtube Ver.)
33%
Not A Trampoline Old Bike
33%
Not a Trampoline Demos Old Bike (Demo)
33%
Not A Trampoline Perfect
33%
Not a Trampoline Demos Perfect (Demo)
33%
The Making of "29 Celebrity Impressions, 1 Original Song" Perfect (Instrumental Fragment) & 29 Celebrity Impressions, 1 Original Song (Vocal Session Fragment Mix)
33%
Single Special
33%
Complete Demos Stationary Love (Demo)
33%
Party Boobytrap Stationary Love ("oh man" at the beginning)
33%
Not A Trampoline The Rendezvous
33%
Not a Trampoline Demos The Rendezvous (Demo)
33%
Good & Evil The Trap
33%
Admittedly Incomplete Demos The Trap (Demo)
33%
BORALOGUE VII The Trap (Early Mix Snippet)
33%
Mix Tape #1 Track 09
33%
Disney Junior Music: Lullabies Vol. 1 Twinkle, Twinkle, Little Star - Lullabies Vol. 2 Version
33%
Disney Junior Music Nursery Rhymes Vol. 1 Twinkle, Twinkle, Little Star - Nursery Rhymes Vol. 1 Version
33%
Cojum Dip Waltz in E-major, Op. 15 "Moon Waltz"
33%
Single Weird Bed &/or Yes Please
33%
Joe Hawley Joe Hawley Your Mother is a Basketball
33%
Joe Hawley's Youtube Channel Your Mother is a Basketball (Instrumental)
33%
Joe Hawley PledgeMusic Demos Your Mother is a Basketball (Instrumental Snippet)
33%
Single 29 Celebrity Impressions, 1 Original Song
17%
Rob Cantor's Twitter 29 Celebrity Impressions, 1 Original Song (Alternate Take)
17%
The Making of "29 Celebrity Impressions, 1 Original Song" 29 Celebrity Impressions, 1 Original Song (Andrew Horowitz Vocal Fragment)
17%
The Making of "29 Celebrity Impressions, 1 Original Song" 29 Celebrity Impressions, 1 Original Song (Piano with Missy Modell, Fragment)
17%
The Making of "29 Celebrity Impressions, 1 Original Song" 29 Celebrity Impressions, 1 Original Song (Slowed Down Rob Cantor Vocal Fragment)
17%
The Making of "29 Celebrity Impressions, 1 Original Song" 29 Celebrity Impressions, 1 Original Song (Take 17 Fragment)
17%
The Making of "29 Celebrity Impressions, 1 Original Song" 29 Celebrity Impressions, 1 Original Song (Take 25 Fragment)
17%
The Making of "29 Celebrity Impressions, 1 Original Song" 29 Celebrity Impressions, 1 Original Song (Take 39 Fragment)
17%
The Making of "29 Celebrity Impressions, 1 Original Song" 29 Celebrity Impressions, 1 Original Song (Take 8 Fragment)
17%
Anthropomorphic Bible Assault EP 4LO$ (A.B.A. EP)
17%
Cojum Dip 4-LOM
17%
Cojum Dip 4-LOM (2014 Bandcamp Mix)
17%
Turk Off EP 4♥O$ (Turk Off EP, MySpace)
17%
Single 6:09
17%
Not A Trampoline All I Need Is You
17%
Not a Trampoline Demos All I Need Is You (Demo)
17%
Songs About Girls Almost Raining
17%
Not a Trampoline Demos Along the Ride (Alternate Old Bike Demo)
17%
γɘlwɒH ɘoႱ γɘlwɒH ɘoႱ ƨʞɔɒɈɈA γɘlwɒH ɘoႱ
17%
Tally Hall Live Songs Andrew Has No Power (It's So Sad) (Live @ The North Star Bar '08)
17%
BORALOGUE V Andrew's piano song #1 (Fragment)
17%
BORALOGUE VIII Andrew's piano song #2 (Fragment)
17%
NYC I: RE-MMMM "And Ross goes..."
17%
Set Ann Arbor, MI - August 9th, 2019, SET 1
17%
Set Ann Arbor, MI - August 9th, 2019, SET 2
17%
Admittedly Incomplete Demos Another Minute (Live at the Frieze Basement, December 2002)
17%
Etudes Applause Etude
17%
Mr. President, There’s an Asteroid Headed Directly For the Earth: The Musical At the Club
17%
Mr. President, There’s an Asteroid Headed Directly For the Earth: The Musical At the Club (Reprise)
17%
Sketches 3d At the End
17%
sketches at the end (sketches version)
17%
Tally Hall Live Covers Because (The Beatles Cover, Live @ Emo's 2011)
17%
ListedBlack - Live Black or White (Michael Jackson Cover, Live)
17%
Etudes Blues Etude
17%
Pan Jam and Lime Steel Band Bohemian Rhapsody
17%
Joe Hawley's Instagram Bohemian Rhapsody Keyboard
17%
Edu & Friends Live @ Los Angeles 2025 Bohemian Rhapsody (Queen Cover by Bora, Live) [Only snippet available]
17%
15 Seconds of Bora Bora's Face
17%
Videojuegos Volume 2 Boss Battles (Mega Man 3)
17%
Cojum Dip Cell
17%
Anthropomorphic Bible Assault EP Cell (A.B.A. EP)
17%
What Is Cojum Dip? Cell (Early Riff Humming Montage)
17%
BORALOGUE IV Cell (Fragment)
17%
Turk Off EP Cell (Turk Off EP, MySpace)
17%
Music for ADs Chevrolet
17%
Single Christian Bale is at Your Party
17%
Single Club Can't Handle Me
17%
Labyrinth Coin
17%
Admittedly Incomplete Demos Color Be Gone (Demo)
17%
Music for ADs Comcast XFinity
17%
Hawaii Partii Continue?
17%
Labyrinth game trailer Continue? (Labyrinth game trailer fade-out version)
17%
Music for FILM & TV Cuckoo
17%
Music for FILM & TV Cuckoo (Alternate)
17%
Sketches 3d Daisy Fingers
17%
sketches daisy fingers (sketches version)
17%
Labyrinth Dead
17%
Happy Monster Band - Season 1 Dirty, Smelly Monster Chores
17%
ListenBlack ft. D Spectacular Winter Song
17%
Toy Orchestra Covers Don't Stop Believing (Journey Cover)
17%
Happy Monster Band - Season 1 Do Re Me-Me-Me
17%
Happy Monster Band - Season 1 Do The Monster Stomp
17%
Single Dot's Uke
17%
Disney Junior Music: Holiday Classics Dreidel, Dreidel, Dreidel
17%
Videojuegos Volume 1 Dr. Wily 2.1
17%
Videojuegos Volume 2 Dr. Wily 3.2
17%
ListenBlack ft. D Spectacular D Spectacular (aka Sail Into the Sun)
17%
Songs About Girls Effort and Apathy
17%
Etudes Etude in 2nds
17%
Etudes Etude in 5ths
17%
Single fishes
17%
Single fishes (Cassette Single)
17%
Sonic Lunch 2024 Fishes (Live)
17%
Tally Hall Live Covers Freebird (Lynyrd Skynyrd Cover, Live @ Radio Radio '06)
17%
Good & Evil Album Preview GandE
17%
Not A Trampoline Garden of Eden
17%
Not a Trampoline Demos Garden of Eden / "Go Back To Sleep" (Demo)
17%
Happy Monster Band - Season 1 Get Up and Go Go Go
17%
StartUp Going Purple (Full)
17%
StartUp Going Purple (Stereo)
17%
Tally Hall Live Songs Good & Evil Fanfare (Live @ The Haunt 2010)
17%
Sketches 3d Grandpa is Hiding (Kickstarter Track)
17%
Videojuegos Volume 2 Hard Man
17%
Labyrinth Healthpack
17%
Sketches 3d HEY YOU!
17%
sketches HEY YOU! (sketches version)
17%
Cojum Dip Live how_demo
17%
Cojum Dip Live how_drums
17%
The Greatest Demo CD in the Universe How? (Greatest Demo CD)
17%
Joe Hawley's Instagram Humming (with talking in the backround)
17%
NYC III: I'M SUPERMAN I'm Superman
17%
Etudes II Indie-Rock (Two-Finger) Etude
17%
Happy Monster Band - Season 2 In India
17%
Tally Hall Live Songs Inside the Mind of Simon (Early Lyrics, Live @ The Pingry School '05) [Only snippet available]
17%
Cojum Dip Live Inside the Mind of Simon (Tally Hall Cover, Live)
17%
Disney Junior Music: Holiday Classics Jingle Bells
17%
Joe Hawley's Instagram Joe's rendition of a song stuck in his head
17%
Happy Monster Band - Season 2 Konichiwa!
17%
Disney Junior Music: Lullabies Vol. 2 | Disney Junior Music: Nursery Rhymes Vol. 5 Ladybird, Ladybird
17%
Joe Hawley Tally Hall Proof Lady Madonna (The Beatles Cover, Acapella)
17%
Not a Trampoline Demos La Telenovela (Demo)
17%
Sketches 3d Lemons and Pears
17%
Toy Orchestra Lemon's and Pears (Old Toy Orchestra Version)
17%
sketches lemons and pears (sketches version)
17%
Sketches 3d Lemons and Pears (Toy Orchestra Version) (Kickstarter Track)
17%
Disney Junior Music: Ready for Preschool Vol. 2 Letters
17%
Live @ The Space 2017 Letters (Live)
17%
Not A Trampoline Let Your Mother Know
17%
Rob Cantor's Twitter Let Your Mother Know (Bora Karaca Guitar Solo)
17%
Not a Trampoline Demos Let Your Mother Know (Demo)
17%
Joe Hawley Tally Hall Proof L'frou Jibet
17%
Toy Orchestra Covers Life is a Highway (Tom Cochrane Cover)
17%
ListedBlack - Live Like a Prayer (Madonna Cover, Live)
17%
γɘlwɒH ɘoႱ γɘlwɒH ɘoႱ llɒdɈɘʞƨɒઘ ɒ ƨi ɿɘʜɈoM ɿυoY
17%
Happy Monster Band - Season 2 London Town
17%
Playhouse Disney Let's Dance London Town (Playhouse Disney Let's Dance Mix)
17%
Tally Hall Live Covers Maple Leaf Rag (Scott Joplin Cover, Good & Evil Tour Introduction, Live @ Velour Live Music Gallery 2011)
17%
Tally Hall's Facebook Maple Leaf Rag (Scott Joplin Cover, Good & Evil Tour Introduction Preparation)
17%
Admittedly Incomplete Demos Marvin's SFX - "Bohemian Rhapsody" (Sample)
17%
Videojuegos Volume 1 Metal Man
17%
The Gregory Brothers' Facebook Minor Rendition of The Rainbow Connection
17%
Sketches 3d Miss Melody
17%
Sonic Lunch 2019 Miss Melody (Instrumental Edit + Live) [Only Snippet Available]
17%
sketches miss melody (sketches version)
17%
Happy Monster Band - Season 1 Monster Hoe Down
17%
Single MONSTERS
17%
Single MONSTERS (Cassette Single)
17%
Sonic Lunch 2024 Monsters (Live)
17%
Single Nobody Else Quite Like You
17%
γɘlwɒH ɘoႱ γɘlwɒH ɘoႱ (oʞ¡A .Ɉɒɘʇ) booᆿ γzɒɿƆ
17%
TreeVerb Music Festival Ok, So (Wheels)
17%
Mr. President, There’s an Asteroid Headed Directly For the Earth: The Musical Overture
17%
Songs About Girls Passing
17%
Pepperoni 2 "Pepperoni 2" music
17%
Single Pokémon Trainer Battle (faithful cover)
17%
Etudes Pop Etude
17%
Tally Hall's Internet Show - Potato Vs. Spoon Potato vs Spoon
17%
Videojuegos Volume 1 Press Start - Boss Battle
17%
Tally Hall Live Covers Pure Imagination (Willy Wonka Cover, Live @ The Blind Pig 2011)
17%
Masterpiece Pu (Woo~Hoo)
17%
BORALOGUE VI Ross's drum beat #1
17%
BORALOGUE VII Ross's drum beat #2
17%
BORALOGUE IX Ross's drum beat #3
17%
Joe Hawley Joe Hawley Rotary Park
17%
Joe Hawley PledgeMusic Demos Rotary Park (Short Snippet #1)
17%
Joe Hawley PledgeMusic Demos Rotary Park (Short Snippet #2)
17%
Big City Greens Save the Moths
17%
Admittedly Incomplete Demos Sea Cucumber (Demo)
17%
Single "Shia LaBeouf" Live
17%
Shia LaBeouf Multitrack Recording "Shia LaBeouf" Live - Auxiliary Vocals
17%
Shia LaBeouf Multitrack Recording "Shia LaBeouf" Live - Auxillary Percussion
17%
Shia LaBeouf Multitrack Recording "Shia LaBeouf" Live - Bass
17%
Shia LaBeouf Multitrack Recording "Shia LaBeouf" Live - Children's Choir
17%
Shia LaBeouf Multitrack Recording "Shia LaBeouf" Live - Drum Kit
17%
Shia LaBeouf Multitrack Recording "Shia LaBeouf" Live - Harp
17%
Single "Shia LaBeouf" Live (Instrumental)
17%
Shia LaBeouf Multitrack Recording "Shia LaBeouf" Live - Large Men's Choir
17%
Shia LaBeouf Multitrack Recording "Shia LaBeouf" Live - Narrator
17%
Shia LaBeouf Multitrack Recording "Shia LaBeouf" Live - Piano
17%
Shia LaBeouf Multitrack Recording "Shia LaBeouf" Live - Small Men's Choir
17%
Shia LaBeouf Multitrack Recording "Shia LaBeouf" Live - Strings
17%
Happy Monster Band - Season 2 Siesta, Siesta
17%
Andrew Horowitz's Instagram Sketches 3d Q&A "Stressed" Guitar
17%
Music from the OC: Mix 6 Smile Like You Mean It
17%
Videojuegos Volume 2 Snake Man
17%
ListenBlack ft. D Spectacular Song About Girl #3 (aka Another Minute)
17%
Admittedly Incomplete Demos "Songy Song"
17%
Joe Hawley Tally Hall Proof Space Oddity (David Bowie Cover)
17%
Sonic Lunch 2016 Space Oddity (David Bowie Cover, Live) [Only snippet available]
17%
ListenBlack ft. D Spectacular Summer Song
17%
ListenBlack ft. D Spectacular Summer Song #2
17%
Tally Hall Live Covers Super Mario Bros. Ground Theme (Koji Kondo Cover, Live @ The Pingry School '05, Sound Check)
17%
Admittedly Incomplete Demos Tally Hall's Internet Show Theme
17%
Cojum Dip Tap Tap Tap
17%
Cojum Dip Tap Tap Tap (2014 Bandcamp Mix)
17%
Anthropomorphic Bible Assault EP Tap Tap Tap (A.B.A. EP)
17%
cojumdip.com Tap Tap Tap (cojumdip.com 2008-10 Tracklist Version)
17%
BORALOGUE XIII Tap Tap Tap (Fragment)
17%
The Greatest Demo CD in the Universe Tap Tap Tap (Greatest Demo CD)
17%
Turk Off EP Tap Tap Tap (Turk Off EP, MySpace)
17%
Vicious Enterprises Tap Tap Tap (Vicious Enterprises Demo)
17%
Single Teenage Mutant Ninja Turtles Level 1 (faithful cover)
17%
SiX TAPE The Animator
17%
Joe Hawley Joe Hawley The Apologue of Hot Rod Duncan
17%
Joe Hawley's Youtube Channel The Apologue of Hot Rod Duncan (Demo)
17%
Single The Ballad of Nathan Naimark
17%
Tally Hall Misc Demos The Ballad of Nathan Naimark (Rough Mix)
17%
Joe Hawley Tally Hall Proof The Gobble Chicken Song
17%
Happy Monster Band - Season 2 The Italian Way
17%
Tally Hall Live Songs The Kazoo Song / 1 N 1 S 2 (Long Version, Live @ The Blind Pig '06)
17%
Tally Hall Live Songs The Kazoo Song / 1 N 1 S 2 (Short Version, Live @ The Annex '06)
17%
Sketches 3d The Rainbow Connection
17%
sketches the rainbow connection (sketches version)
17%
Disney Junior Music: Ready for Preschool Vol. 3 The Vowels
17%
Disney Junior Music Nursery Rhymes Vol. 1 The Wheels on the Bus
17%
Tally Hall's Internet Show - Good Day T.H.I.S. Intro (Extended Fragment)
17%
Million Ribbons and Floating Stars Tomorrow and Today
17%
Sketches 3d Tomorrow and Today (2019) (Kickstarter Track)
17%
Music for ADs Toys 'R' Us
17%
Mix Tape #1 Track 01
17%
Mix Tape #1 Track 02
17%
Mix Tape #1 Track 03
17%
Mix Tape #1 Track 04
17%
Mix Tape #1 Track 05
17%
Mix Tape #1 Track 06
17%
Mix Tape #1 Track 07
17%
Mix Tape #1 Track 08
17%
Mix Tape #1 Track 10
17%
Mix Tape #1 Track 11
17%
Mix Tape #1 Track 12
17%
Mix Tape #1 Track 13
17%
Mix Tape #1 Track 14
17%
Robbie Cook Band Track 83
17%
Quack! Media Untitled Quack! Media Spanish Song ("1 2, 1 2 3 4!")
17%
Sonic Lunch 2025 "Untitled Sun Song" (Live)
17%
Sonic Lunch 2025 "Untitled Venus Song" (Live)
17%
Mr. President, There’s an Asteroid Headed Directly For the Earth: The Musical Waiting
17%
Joe Hawley Joe Hawley We are in Space
17%
Joe Hawley PledgeMusic Demos We Are in Space (Snippet via Facetime
17%
Joe Hawley Joe Hawley White Rabbit
17%
Joe Hawley PledgeMusic Demos White Rabbit (Early Mix Snippet)
17%
Joe Hawley's Youtube Channel White Rabbit (Rabbit Vox)
17%
Toy Orchestra Whole World and You (Toy Orchestra Version)
17%
Good & Evil Who You Are
17%
Admittedly Incomplete Demos Who You Are (Demo)
17%
BORALOGUE IX Who You Are (Early Mix Fragment)
17%
Engine Room Recordings Presents: A Tribute to Pinkerton Why Bother?
17%
Sonic Lunch 2019 Worlds in My Head (Early Version, Instrumental Edit + Live)
17%
Sonic Lunch 2024 Worlds in My Head (Live)
17%
Songs About Girls Yearbook
17%
The Pingry EP Yearbook (Demo)
17%
ListenBlack ft. D Spectacular Yearbook + Stan (Eminem Cover)
17%
Single Yes Please &/or Weird Bed
17%
Etudes 12-Tones Etude
0%
Cojum Dip 134340 Pluto
0%
Tally Hall's Internet Show - Good Day 15 Seconds of Bora Theme
0%
White Collar Prison 18 Hours of Greatness
0%
Lyon Street Fire 2 AM
0%
Cojum Dip Live +4LOM_ORANGE2
0%
The Greatest Demo CD in the Universe 4 love of $ (Greatest Demo CD)
0%
Anthropomorphic Bible Assault EP 5/4 (A.B.A. EP)
0%
Cojum Dip Live 5/4 (Alternate Lyrics, Live)
0%
The Greatest Demo CD in the Universe 7/4 (Greatest Demo CD)
0%
The Baker Bros 99 Nancarrows
0%
The Ghost and Molly McGee Season 1 Abraham Lincoln
0%
Pan Jam and Lime Steel Band Adrenalin City
0%
Disney Junior Music: Lullabies Vol. 2 A Great Ballerina
0%
Mix Tape #3 Ain't to Proud to Busta Move
0%
Videojuegos Volume 1 Air Man
0%
Etudes II A Little Funk-Ay Etude
0%
Toy Orchestra Covers All I Want (Toad The Wet Sprocket Cover)
0%
Tally Hall Live Covers All Together Now (The Beatles Cover, Live @ The Blind Pig 2011)
0%
The Good Company EP Alright
0%
Disney Junior Music: Lullabies Vol. 2 And a Little Fancy (Fancy Nancy Main Title)
0%
The Ghost and Molly McGee Season 1 Andrea Davenport's Jingle (Version 1)
0%
The Ghost and Molly McGee Season 1 Andrea Davenport's Jingle (Version 2)
0%
Abject Joy And We're Back
0%
The Baker Bros Arvollure
0%
Tally Hall Live Songs At Least a Day (Live @ The Blind Pig '06)
0%
Mix Tape #2 At Least I'm Thought @ My Whoomp Girls
0%
Disney Junior Music: Ready for Preschool Vol. 7 At the Art Museum
0%
Happy Monster Band - Season 2 At the Rodeo
0%
The Ghost and Molly McGee Season 1 Awesome Best Friends Day
0%
Happy Monster Band - Season 2 A Wonderful Time in France
0%
The Other Way Baby, Baby (Snippet)
0%
The Other Way Baby, Baby (Snippet 2, Reversed)
0%
Joe Hawley's Instagram "BACD"
0%
The Ghost and Molly McGee Season 2 Back to Misery
0%
The Other Way Backwards
0%
Joe Hawley's Instagram Barbershop (Snippet)
0%
The Ghost and Molly McGee Season 2 Battle with the Beast
0%
The Laboratory Piano Before You Know (The Laboratory Piano)
0%
The Other Way Bell's Pizza
0%
Lyon Street Fire Big Steel Wheels
0%
Disney Junior Music Nursery Rhymes Vol. 1 Bingo
0%
Pan Jam and Lime Steel Band Birdland
0%
Single Bizzare Dream Roll Out (Skybox vs Omc vs Ludacris)
0%
Open Mic Night 2016 Blackbird (The Beatles Cover, Live)
0%
Tally Hall Live Covers Blinded by the Light (Bruce Springsteen Cover, Live @ The Knitting Factory '08) [Only snippet available]
0%
Admittedly Incomplete Demos Blind Pig Introduction (January 2008)
0%
The Baker Bros Bolcomcifer
0%
South By Southwest 2007 Bolero (Maurice Ravel Cover)
0%
γɘlwɒH ɘoႱ γɘlwɒH ɘoႱ bɘઘ oɈ oӘ
0%
BORALOGUE V BORALOGUE Intro
0%
BORALOGUE IV BORALOGUE Outro 2 ("tallyhall.com")
0%
BORALOGUE I BORALOGUE Outro ("Video Journal by Bora")
0%
Lyon Street Fire Bound to Ramble
0%
The Greatest Demo CD in the Universe Bressed Men (Greatest Demo CD)
0%
Disney Junior Music: Lullabies Vol. 1 Bringing This Baby Home
0%
Robbie Cook Band Brooklyn Can Wait
0%
Robbie Cook Band Brooklyn Can Wait (Radio Edit)
0%
Videojuegos Volume 1 Bubble Man
0%
Toy Orchestra Covers California Girls (The Beach Boys Cover)
0%
Lyon Street Fire Cannon Road
0%
The Ghost and Molly McGee Season 1 Can't Hide My Happy
0%
The Laboratory Piano Can't Nobody (The Laboratory Piano)
0%
Disney Junior Music: Ready for Preschool Vol. 5 Car, Trains, Boats and Planes
0%
Tally Hall Live Covers Cecilia (Simon and Garfunkel Cover, Live @ The Haunt 2010)
0%
The Baker Bros Change Clothes with Stravinsky
0%
Pan Jam and Lime Steel Band Chant
0%
The Ghost and Molly McGee Season 1 Christmas at Brighton
0%
The Carrels EP Clay Cities
0%
Single Cojum Jenova
0%
Robbie Cook Band Confidant
0%
The Baker Bros Copland Died on December 4th
0%
Music for ADs Country Good
0%
The Ghost and Molly McGee Season 2 Cracking Eggs
0%
Mix Tape #2 Crank That Log Cell
0%
Etudes II Crash-And-Burn Etude
0%
Videojuegos Volume 1 Crash Man
0%
Mix Tape #3 Dance to the Tricky Anthem
0%
The Ghost and Molly McGee Season 2 Dance with Me
0%
Tally Hall's Internet Show - Death Request "Death Request" (Piano)
0%
The Ghost and Molly McGee Season 1 Deep Fried Food
0%
Abject Joy Dictated But Not Read
0%
Tally Hall's Internet Show - Taken for a Ride "Did Both of Your Parents Just Die?"
0%
The Good Company EP Digital
0%
Disney Junior Music: Lullabies Vol. 1 Disney Junior Theme Song 2017 Refresh
0%
Joe Hawley PledgeMusic Demos Hoodz 'n the Woodz (Reversed Instrumental Snippet with Talking)
0%
The Ghost and Molly McGee Season 2 DIY this Christmas
0%
Disney Junior Music: Lullabies Vol. 2 Doc McStuffins Theme Song
0%
Tally Hall Live Covers Down by the Bay (Cover, Live @ World Cafe '06)
0%
Mix Tape #2 Drop Your Woman Sign
0%
Tally Hall's Internet Show - Good Day Drum Beat #1
0%
Tally Hall's Internet Show - Welcome to Tally Hall Drum Beat #2
0%
Tally Hall's Internet Show - Who Cares Drum Beat #3
0%
Tally Hall's Internet Show - Potato Vs. Spoon Drum Beat #4
0%
Toy Orchestra Covers Eight Days a Week (The Beatles Cover)
0%
ListenBlack ft. D Spectacular Einstein
0%
The Baker Bros Enbernsteincore
0%
The Ghost and Molly McGee Season 1 Enhappify
0%
The Ghost and Molly McGee Season 2 Enjoy Your Afterlife
0%
Andrew Horowitz's Instagram Etudes II Announcement Reverse Piano
0%
Happy Monster Band - Season 1 Even Monsters Cry Sometimes
0%
Cojum Dip Live Everybody Wants to Rule the World (Tears for Fears Cover, Live)
0%
Tally Hall Live Covers Everyday (Buddy Holly Cover, Live @ Mercury Lounge '09)
0%
The Ghost and Molly McGee Season 1 Everyone Pitches In
0%
The Ghost and Molly McGee Season 1 Everything Is Normal
0%
Single Everything Means Nothing to Me
0%
Single Everything Means Nothing to Me (Insturmental)
0%
Tally Hall's Internet Show - Taken for a Ride "Eye"
0%
The Other Way Falling Awake
0%
Etudes Fast Etude
0%
The Ghost and Molly McGee Season 2 Fear of Nothing At All
0%
Disney Junior Music: Ready for Preschool Vol. 3 Feelings
0%
The Ghost and Molly McGee Season 2 Feelin' Like My Old Self Again
0%
Disney Junior Music: Ready for Preschool Vol. 6 Find Your Courage!
0%
Disney Junior Music: Lullabies Vol. 2 Find Your Inner Ghoul
0%
Lyon Street Fire Fire and Smoke
0%
Single FiveFourFinal
0%
Disney Junior Music Nursery Rhymes Vol. 1 Five Little Monkeys
0%
Videojuegos Volume 1 Flash Man
0%
Single Forever Is A Long Time (Charlene Kaye Music Video)
0%
Disney Junior Music: Nursery Rhymes Vol. 5 Frère Jacques
0%
15 Seconds of Bora Fridaynosaur Playing the Hot Beats
0%
The Ghost and Molly McGee Season 2 Frightful No More
0%
Disney Junior Music: Nursery Rhymes Vol. 2 Froggy Went A-Courtin'
0%
The Ghost and Molly McGee Season 1 Frustration
0%
Mix Tape #3 Funky Thong Workout Plan Maybe
0%
Pan Jam and Lime Steel Band Gabriel's Oboe
0%
Videojuegos Volume 2 Gemini Man
0%
The Ghost and Molly McGee Season 2 Get Into the Game
0%
The Ghost and Molly McGee Season 2 Get That Can
0%
The Ghost and Molly McGee Season 2 Ghost Friends (Version 1)
0%
The Ghost and Molly McGee Season 2 Ghost Friends (Version 2)
0%
The Ghost and Molly McGee Season 2 Ghosts Aren't the Enemy
0%
The Ghost and Molly McGee Season 2 Give 'Em Joy
0%
The Baker Bros Glass Off Your Shoulders
0%
The Ghost and Molly McGee Season 2 Glowing Up
0%
The Ghost and Molly McGee Season 1 G-O-A-T
0%
Disney Junior Music: Lullabies Vol. 1 Going on a Mission
0%
Andrew Horowitz's TikTok "Going Viral Tonight"
0%
Joe Hawley's Instagram "Gold's Rose Parade" / "A Ragtime Nightmare"
0%
Tally Hall Live Covers Gonna Fly Now (Rocky Theme) (Bill Conti Cover, Live @ The Fire '05) [Only snippet available]
0%
Disney Junior Music: Ready for Preschool Vol. 2 Good Food
0%
Mix Tape #2 Good Funky Window Blinker
0%
The Ghost and Molly McGee Season 1 Good Luck, Bad Luck
0%
Sonic Lunch 2024 Good Morning Mr. Butterfly (Live)
0%
The Laboratory Guitar Tone
0%
Toy Orchestra Half the Time
0%
Disney Junior Music Nursery Rhymes Vol. 1 Happy Birthday
0%
The Ghost and Molly McGee Season 2 Happy Happy Death Day
0%
Andrew Horowitz's TikTok "Happy New Year"
0%
Tally Hall Live Covers Happy Together (The Turtles, Live @ Rocks Off! Concert Cruise '09)
0%
The Laboratory Harp and Keys
0%
Sketches 3d Have a Nice Day (Interludinal)
0%
sketches have a nice day (sketches version)
0%
Videojuegos Volume 1 Heat Man
0%
Hawaii Partii "Heaven"
0%
Happy Monster Band - Season 2 Here in Australia
0%
Disney Junior Music: Nursery Rhymes Vol. 3 Hey Diddle Diddle
0%
The Laboratory Hip Hop
0%
The Ghost and Molly McGee Season 2 Hit Restart
0%
The Carrels EP Honey' Please
0%
Tally Hall's Internet Show - Potato Vs. Spoon Honk War
0%
Joe Hawley Joe Hawley Hoodz 'n the Woodz
0%
Joe Hawley PledgeMusic Demos Hoodz 'n the Woodz (Early Mix)
0%
Single Horizons - Mr. F (Tally Hall) Remix
0%
Disney Junior Music: Ready for Preschool Vol. 6 How Plants Grow
0%
Sketches 3d Hummingbird
0%
sketches hummingbird (sketches version)
0%
Disney Junior Music Nursery Rhymes Vol. 1 Humpty Dumpty
0%
Disney Junior Music: Lullabies Vol. 1 Hush Little Baby
0%
Disney Junior Music: Ready for Preschool Vol. 2 I Brush My Teeth
0%
The Ghost and Molly McGee Season 2 I Can Count on You
0%
γɘlwɒH ɘoႱ γɘlwɒH ɘoႱ ɈiddɒЯ ɘɈiʜW
0%
The Ghost and Molly McGee Season 2 Identity Crisis
0%
The Carrels EP I Don't Care
0%
Single I Dream an Ocean (Ross Federman Remix)
0%
The Ghost and Molly McGee Season 1 If You Believe
0%
The Ghost and Molly McGee Season 1 If You Believe (Reprise)
0%
The Laboratory Piano I Get Joy (The Laboratory Piano)
0%
The Ghost and Molly McGee Season 1 I Have a Voice (Autotune Version)
0%
The Ghost and Molly McGee Season 1 I Have a Voice (First Take)
0%
The Ghost and Molly McGee Season 1 I Have a Voice (Talent Show Version)
0%
The Ghost and Molly McGee Season 2 I Keep Ending Up With You
0%
Complete Demos (I Know) It's Just the Same (Demo)
0%
Tally Hall Live Covers I Like Big Butts (Sir Mix-A-Lot Cover, Live @ MMC '05)
0%
The Ghost and Molly McGee Season 1 I'm Lookin' for Toes
0%
Single Immaterial Monarch (Mr.F Remix)
0%
Disney Junior Music: Ready for Preschool Vol. 2 I'm Sorry
0%
Happy Monster Band - Season 1 I'm the Best at Being Me
0%
Mix Tape #2 In Between Da Fire Bombs
0%
Mix Tape #2 In Da Perfect Backwater
0%
Not A Trampoline In Memoriam
0%
Not a Trampoline Demos In Memoriam (Demo)
0%
Joe Hawley's Instagram "In the Dol Drums" #1
0%
Joe Hawley's Instagram "In the Dol Drums" #2
0%
Joe Hawley's Instagram "In the Dol Drums" #3
0%
γɘlwɒH ɘoႱ γɘlwɒH ɘoႱ γɈiƆ qɒЯ nɒimɒʜɒઘ
0%
River Wild I Stand By Your Side
0%
The Ghost and Molly McGee Season 1 It's a Lose-Lose
0%
The Ghost and Molly McGee Season 2 It's Always Sunny in Sunnyland (aka The Sunnyland Theme Song)
0%
The Ghost and Molly McGee Season 2 It's Brighton's Year
0%
The Ghost and Molly McGee Season 2 It's Just Your Masterpiece and You
0%
Toy Orchestra It's The End
0%
Disney Junior Music: Lullabies Vol. 2 I've Been There Buddy
0%
Mix Tape #2 I Want My Colt 45 Dancing Problems
0%
Happy Monster Band - Season 1 I Will Be Your Friend
0%
White Collar Prison I Will Find You
0%
Cojum Dip Jabberwocky
0%
Anthropomorphic Bible Assault EP Jabberwocky (A.B.A. EP)
0%
Turk Off EP Jabberwocky (Turk Off EP, MySpace)
0%
The Greatest Demo CD in the Universe Jabberwooky (Greatest Demo CD)
0%
Disney Junior Music: Nursery Rhymes Vol. 3 Jack Be Nimble
0%
Mix Tape #3 Jiggy with the Love You Save
0%
Mix Tape #2 Jiggy wit the Insane Bartman Bartender
0%
Single Joe Hawley's cover of "I wanna"
0%
BORALOGUE VII Joe playing the tambourine
0%
The Ghost and Molly McGee Season 1 Just Give
0%
The Ghost and Molly McGee Season 1 Just Give (Reprise)
0%
The Ghost and Molly McGee Season 2 Just One Click
0%
Tally Hall Live Covers Just What I Needed (The Cars Cover, Live @ The Pingry School '05) [Only snippet available]
0%
Sonic Lunch 2016 Kazoo Introduction (Live)
0%
Disney Junior Music: Lullabies Vol. 1 KC's Lullaby
0%
Admittedly Incomplete Demos "Keep Up the Good Work!" Theme
0%
The Ghost and Molly McGee Season 1 Killjoy
0%
Tally Hall's Internet Show - Death Request Kill Ross
0%
Robbie Cook Band Know My Name
0%
Joe Hawley's Instagram Kouple Khords 4 u
0%
Tally Hall Live Covers La Bamba (Ritchie Valens Cover, Live @ MMC '05) [Only snippet available]
0%
Joe Hawley Joe Hawley Lained S'eltotsirA
0%
Not A Trampoline La Telenovela
0%
Disney Junior Music: Ready for Preschool Vol. 6 Learn About Safety
0%
Disney Junior Music: Ready for Preschool Vol. 5 Learn Some Fun Facts
0%
Disney Junior Music: Ready for Preschool Vol. 5 Learn to Tell Time
0%
Mix Tape #3 Lemme Take Bony Maroni Out
0%
Disney Junior Music: Lullabies Vol. 2 Let Love Light the Way
0%
Lyon Street Fire Let Me Go
0%
Disney Junior Music: Ready for Preschool Vol. 3 Let's Bounce
0%
Disney Junior Music: Ready for Preschool Vol. 8 Let's Dance
0%
Disney Junior Music: Ready for Preschool Vol. 4 Let's Exercise
0%
Disney Junior Music: Ready for Preschool Vol. 6 Let's Explore Space!
0%
Disney Junior Music: Ready for Preschool Vol. 4 Let's Make a Bow
0%
Tally Hall Live Covers Life in a Cube (Casey Shea Cover ft. Casey Shea, Live @ The Haunt 2010)
0%
Joe Hawley's Instagram Life is Flashing Before Your Eyes (Vince Collins Guitar Cover)
0%
Rob Cantor's Twitter Lightshine (Snippet Mix)
0%
The Ghost and Molly McGee Season 2 Live a Little
0%
Admittedly Incomplete Demos "Love Track" (Rehearsal)
0%
γɘlwɒH ɘoႱ γɘlwɒH ɘoႱ ɘlqoɘԳ ɘɈiʜW ɘlqoɘԳ ʞɔɒlઘ
0%
Disney Junior Music: Lullabies Vol. 2 | Disney Junior Music: Nursery Rhymes Vol. 4 Lullaby and Goodnight
0%
Cojum Dip M54
0%
Cojum Dip M54 (2014 Bandcamp Mix)
0%
The Ghost and Molly McGee Season 2 Magician Competition
0%
Cojum Dip Live magnetman
0%
Videojuegos Volume 2 Magnet Man
0%
The Baker Bros Mahlerlude
0%
Disney Junior Music: Ready for Preschool Vol. 4 Make a Choice
0%
The Ghost and Molly McGee Season 1 Make You Make Up
0%
Tally Hall Live Songs Maybe in the Night (Live @ Chronic Town '07)
0%
The Ghost and Molly McGee Season 2 Maybe Next Time
0%
The Ghost and Molly McGee Season 2 Me and My Dad
0%
Joe Hawley's Instagram Meowing to "Half of Glass"
0%
Joe Hawley's Instagram "Meow Targèt"
0%
Disney Junior Music: Lullabies Vol. 1 Mickey and the Roadster Racers Main Title Theme
0%
Disney Junior Music: Lullabies Vol. 1 Mickey Mouse Clubhouse Theme
0%
Admittedly Incomplete Demos Mobile Phone Premonition (Live at the Frieze Basement, December 2002)
0%
The Baker Bros Moments of Hindemithity
0%
The Greatest Demo CD in the Universe Mome Wrath (Greatest Demo CD)
0%
ListenBlack ft. D Spectacular Monopoly and Clue
0%
Mix Tape #2 Move Slick Blitch With the Lid Off
0%
Single Mr. F & Ryan Brady - Dress and Tie [Charlene Kaye & Darren Criss Remix]
0%
Disney Junior Music: Lullabies Vol. 1 Muppet Babies Theme 2018
0%
The Baker Bros My 1st Ravel
0%
The Ghost and Molly McGee Season 1 My Best Friend's Bat Mitzvah
0%
Single My Dear Doreen (Full Version)
0%
The Ghost and Molly McGee Season 1 My Deer Doreen
0%
The Ghost and Molly McGee Season 2 My Life was Awesome
0%
Videojuegos Volume 2 Needle Man
0%
The Carrels EP New Prayers
0%
Lyon Street Fire New York City
0%
γɘlwɒH ɘoႱ γɘlwɒH ɘoႱ nɒɔnυႧ boЯ ɈoH ʇo ɘυϱoloqA ɘʜT
0%
γɘlwɒH ɘoႱ γɘlwɒH ɘoႱ ϱnolA ɿɘH ϱnγɿઘ
0%
The Ghost and Molly McGee Season 1 No More Distractions
0%
The Carrels EP No Soul
0%
Sketches 3d Nowhere Else
0%
sketches nowhere else (sketches version)
0%
Joe Hawley's Instagram "NYC surrealist 3D adventure" Tune
0%
γɘlwɒH ɘoႱ γɘlwɒH ɘoႱ ʞɿɒԳ γɿɒɈoЯ
0%
The Ghost and Molly McGee Season 1 Obstruction
0%
Disney Junior Music Nursery Rhymes Vol. 1 Old MacDonald Had a Farm
0%
Disney Junior Music: Nursery Rhymes Vol. 4 Old Mother Hubbard
0%
Tally Hall Misc Demos Oliver's Birthday Song
0%
Mix Tape #2 Once in a Groslandic Workout Plan
0%
Toy Orchestra Once Upon a Time / Epic Song
0%
The Ghost and Molly McGee Season 1 One Best Friend
0%
Disney Junior Music: Nursery Rhymes Vol. 2 One Potato, Two Potato
0%
Disney Junior Music Nursery Rhymes Vol. 1 One, Two, Buckle My Shoe
0%
Tally Hall's Internet Show - Potato Vs. Spoon "Open Up Your Heart"
0%
Disney Junior Music: Ready for Preschool Vol. 2 Opposites
0%
Tally Hall's Internet Show - Good Night Orchestral Drum Beat
0%
The Ghost and Molly McGee Season 1 Ordinary Guy
0%
Pan Jam and Lime Steel Band Osh Kosh Jump/Suzie
0%
The Good Company EP Outer Space Jump-Off
0%
Cojum Dip Live Over the Hills and Far Away (Led Zeppelin Cover, Live)
0%
NBC Upfront 2015 Padma Lakshmi Live
0%
Pan Jam and Lime Steel Band Pan in A Minor
0%
Mix Tape #3 Party Ain't a Thang
0%
Disney Junior Music: Nursery Rhymes Vol. 4 Pease Porridge Hot
0%
Lyon Street Fire Pensacola
0%
The Ghost and Molly McGee Season 1 Perfect Memory
0%
Single Piano Concerto No 5 mvt I
0%
Ustream Live Good & Evil Q&A 1 Piano Tune #1 - "Love is a River"
0%
Ustream Live Good & Evil Q&A 1 Piano Tune #2
0%
Ustream Live Good & Evil Q&A 1 Piano Tune #3
0%
The Baker Bros Piazolla's My Thug
0%
The Ghost and Molly McGee Season 1 Playing Hooky
0%
Happy Monster Band - Season 1 Practice Makes Progress
0%
Morning Becomes Eclectic 2006 Praise You (Live)
0%
The Ghost and Molly McGee Season 1 Prepare to Be Scared
0%
Mix Tape #2 Pretend Episode Light
0%
BORALOGUE VII Production Montage #1
0%
BORALOGUE VIII Production Montage #2
0%
BORALOGUE VIII Production Montage #3
0%
BORALOGUE IX Production Montage #4
0%
BORALOGUE IX Production Montage #5
0%
Videojuegos Volume 2 Proto Man
0%
Single Pubes of Doom
0%
Disney Junior Music: Lullabies Vol. 1 Puppy Dog Pals Main Title Theme
0%
Mix Tape #3 Push that Bonafied Lovin
0%
Cojum Dip Live puzzledust
0%
Cojum Dip Puzzle Dust
0%
Cojum Dip Puzzle Dust (2014 Bandcamp Mix)
0%
Anthropomorphic Bible Assault EP Puzzle Dust (A.B.A. EP)
0%
The Laboratory Puzzle Dust (Drum Solo Excerpt)
0%
BORALOGUE II Puzzle Dust (Fragment)
0%
The Greatest Demo CD in the Universe Puzzle Dust (Greatest Demo CD)
0%
Cojum Dip Live Puzzle Dust Slomo
0%
Turk Off EP Puzzle Dust (Turk Off EP, MySpace)
0%
Vicious Enterprises Puzzle Dust (Vicious Enterprises Demo)
0%
γɘlwɒH ɘoႱ γɘlwɒH ɘoႱ ɘɔɒqƧ ni ɘɿɒ ɘW
0%
Videojuegos Volume 1 Quick Man
0%
Tally Hall's Internet Show - Potato Vs. Spoon "Ragtime Jazz"
0%
Tally Hall's Internet Show - Death Request Raisins Theme
0%
BORALOGUE VI Rehearsal tune
0%
BORALOGUE V Rehearsal ("Week 1")
0%
Cojum Dip Live reversemullet
0%
Cojum Dip Reverse Mullet
0%
Anthropomorphic Bible Assault EP Reverse Mullet (A.B.A. EP)
0%
The Greatest Demo CD in the Universe Reverse Mullet (Greatest Demo CD)
0%
Anthropomorphic Bible Assault EP Reverse Mullet (Live)
0%
Turk Off EP Reverse Mullet (Turk Off EP, MySpace)
0%
NYC II: ROCK GTR Rob playing the guitar
0%
Disney Junior Music: Lullabies Vol. 1 Rock-a-Bye Baby
0%
Mix Tape #3 Roll Out Inferno
0%
Hardly Working Ross's Backwards Tambourine
0%
Disney Junior Music Nursery Rhymes Vol. 1 Row, Row, Row Your Boat
0%
Disney Junior Music: Nursery Rhymes Vol. 4 Rub-A-Dub-Dub
0%
The Carrels EP Runaway
0%
The Ghost and Molly McGee Season 1 Sally Tugbottom Song/The True History of Brighton
0%
Andrew Horowitz's TikTok Salute to Our Medical Community (Piano)
0%
BORALOGUE IX Satanic Bible Sample (Snippet #1)
0%
BORALOGUE IX Satanic Bible Sample (Snippet #2)
0%
BORALOGUE IX Satanic Bible Sample (Snippet #3)
0%
Lyon Street Fire Save My Soul
0%
Disney Junior Music: Ready for Preschool Vol. 4 Say Hello
0%
Happy Monster Band - Season 1 Scare Up Some Fun
0%
The Ghost and Molly McGee Season 2 School Spirits
0%
The Other Way Searching
0%
The Ghost and Molly McGee Season 2 Searching for Grandma Nin
0%
Disney Junior Music: Ready for Preschool Vol. 1 Seasons
0%
The Ghost and Molly McGee Season 1 Second Chance
0%
The Ghost and Molly McGee Season 2 Seeing Spiders
0%
Mix Tape #2 Semi Charmed Money Ride
0%
Joe Hawley's Instagram "Set Them Free" / "Detroit 300"
0%
Videojuegos Volume 2 Shadow Man
0%
Disney Junior Music: Ready for Preschool Vol. 2 Sharing
0%
Mix Tape #2 She's a Signed Monkey Cameo
0%
Disney Junior Music: Ready for Preschool Vol. 1 Sh-Sh-SH-Shapes
0%
Live @ The Space 2017 Silent Standard (Live)
0%
The Ghost and Molly McGee Season 1 Silly McGee
0%
Single Since I Don't Have You
0%
Tally Hall's Internet Show - Welcome to Tally Hall Skate Video
0%
The Ghost and Molly McGee Season 2 Sleepover Night
0%
Single Sleigh Ride Invincibility Star
0%
The Ghost and Molly McGee Season 2 Small Town America
0%
The Ghost and Molly McGee Season 2 Snoop for a Scoop
0%
The Ghost and Molly McGee Season 1 Snow Day
0%
Sonic Lunch 2024 Someone Will Be There (Live)
0%
Single Some People Eat Flowers out of Earnest Intent to Bring Heaven
0%
The Other Way Sorority
0%
Sonic Lunch 2024 Soundcheck Intro (Live)
0%
Videojuegos Volume 2 Spark Man
0%
Admittedly Incomplete Demos Spiced Rum Commercial (Demo)
0%
Tally Hall Live Covers Stand By Me (Ben E. King Cover, Live @ The Haunt 2010, Sound Check) [Only snippet available]
0%
Disney Junior Music Nursery Rhymes Vol. 1 Star Light, Star Bright
0%
Disney Junior Music: Lullabies Vol. 2 Start Up Your Imagination
0%
The Ghost and Molly McGee Season 2 Stuff Your Face
0%
Joe Hawley's Instagram Super Guitario
0%
Mix Tape #3 Superstitious Wish
0%
The Ghost and Molly McGee Season 1 Take a Second Chance on Me
0%
Lyon Street Fire Take Me Home
0%
The Laboratory Piano Take Me Home (The Laboratory Piano)
0%
The Laboratory Take Some Time
0%
Tally Hall's Internet Show Tally Hall Intro
0%
Tally Hall's Internet Show Tally Hall Intro (MISFORTUNE Version)
0%
Joe Hawley's Instagram Tanooki playing the guitar
0%
Labyrinth Teleport
0%
Mix Tape #3 Tequila Ice Cream
0%
Disney Junior Music: Nursery Rhymes Vol. 2 The Ants Go Marching
0%
The Ghost and Molly McGee Season 1 The Bad Boy of Brighton
0%
The Ghost and Molly McGee Season 1 The Ballad of Ezekiel Tugbottom
0%
The Ghost and Molly McGee Season 2 The Ballad of Farmer Scratch
0%
White Collar Prison The Cornelius Vanderock Power Hour
0%
Andrew Horowitz's TikTok The Final Countdown (Humming Rendition)
0%
The Other Way The Jump
0%
Admittedly Incomplete Demos The Minstrel Boy
0%
Happy Monster Band - Season 2 The Monster Tangle
0%
Mix Tape #3 The Obvious Golddigger
0%
The Ghost and Molly McGee Season 2 The Plan
0%
Tally Hall's Internet Show - Taken for a Ride "The Pretty One" Ending Beat
0%
ListenBlack ft. D Spectacular The Sign (Ace of Base Cover)
0%
Tally Hall Live Songs The Start of Our City (Live @ Union Hall '09)
0%
The Ghost and Molly McGee Season 1 The Turnip Twist
0%
Disney Junior Music: Holiday Classics The Twelve Days of Christmas
0%
TreeVerb Music Festival The Way I Am / Love Roller Coaster
0%
The Ghost and Molly McGee Season 1 They're Bringing Back The Bad Boy of Brighton
0%
The Ghost and Molly McGee Season 2 This House is Haunted
0%
White Collar Prison This Is a Dream
0%
The Baker Bros Threat to the Reicho
0%
Disney Junior Music: Lullabies Vol. 1 Time for Your Check Up
0%
Tally Hall Live Covers To Be With You (Mr. Big Cover, Live @ Habana Calle 6 Annex '07) [Only snippet available]
0%
The Ghost and Molly McGee Season 1 Together Forever
0%
Videojuegos Volume 2 Top Man
0%
Set Top Of The Park Ann Arbor 7:6:13
0%
BORALOGUE IV To Tell You I Am
0%
Disney Junior Music: Lullabies Vol. 1 T.O.T.S. Main Title
0%
Disney Junior Music: Lullabies Vol. 2 Toyland
0%
The Laboratory Trainer Battle (Excerpt)
0%
Lyon Street Fire Travelin Lone
0%
Etudes II Triad Etude
0%
The Ghost and Molly McGee Season 2 Trying to Find
0%
The Ghost and Molly McGee Season 1 Two Best Friends
0%
Joe Hawley's Facebook Ukulele Tune (From Joe's 2nd Facebook)
0%
The Other Way Unbang
0%
Cojum Dip Live unbelievable
0%
The Other Way Unbirth
0%
Etudes II Vamp Etude
0%
Disney Junior Music: Lullabies Vol. 2 Vampire Lullaby
0%
Disney Junior Music: Lullabies Vol. 1 Vampirina Theme
0%
BORALOGUE V Various Production Snippets
0%
Disney Junior Music: Ready for Preschool Vol. 8 Vote
0%
Tally Hall Live Songs We Came to Westport (The Banter Song) (Live @ Toquet Hall Teen Center '09)
0%
The Ghost and Molly McGee Season 2 We Can Change Climate Change
0%
The Ghost and Molly McGee Season 2 We Can Change Climate Change (Reprise)
0%
Admittedly Incomplete Demos Welcome To Tally Hall (Reprise) (Demo)
0%
Chibiverse Welcome to the Chibiverse
0%
Toy Orchestra We've Traveled Far
0%
BORALOGUE IX What Are We Setting Up Cameron
0%
Tally Hall Live Songs What Does That Mean? (Improv, Live @ Rocks Off! Concert Cruise '09)
0%
Tally Hall Live Songs What Does That Mean? (Reprise, Live + Banter @ Rocks Off! Concert Cruise '09)
0%
The Baker Bros What ROCmaninoff I Say
0%
Disney Junior Music: Ready for Preschool Vol. 7 What's a Fact? What's an Opinion?
0%
Disney Junior Music: Ready for Preschool Vol. 5 What's a Pattern?
0%
Disney Junior Music: Ready for Preschool Vol. 5 What's a Synonym?
0%
Pan Jam and Lime Steel Band What's Going On
0%
Quack! Media What's Happenin' Now?
0%
Andrew Horowitz's TikTok "What's in the Box?"
0%
RobCantor.com What's Your Function
0%
RobCantor.com What's Your Function (Alternate)
0%
The Baker Bros What You Waiting For Remix
0%
The Good Company EP Wheels Spinnin'
0%
Disney Junior Music: Lullabies Vol. 2 When You Can Fly Again
0%
Single Where's its $#&*&@ head?
0%
The Other Way Where's The Baby?
0%
Etudes II Where We Left Off Etude
0%
Joe Hawley's Instagram "White rabbit vox3" (Snippet)
0%
Tally Hall Live Covers Who Loves The Sun? (The Velvet Underground Cover, Live @ Chronic Town '07) [Only snippet available]
0%
The Ghost and Molly McGee Season 1 Who's Got the Goods?
0%
Tally Hall Live Covers Why Don't We Do It In The Road? (The Beatles Cover, Live @ MMC '05)
0%
The Laboratory Witness
0%
Videojuegos Volume 1 Wood Man
0%
Edu & Friends Live @ Los Angeles 2025 ?XX? / She (Live)
0%
Mix Tape #2 Yeah Yeah Without Me Vampire Sea
0%
Abject Joy You Are Gonna Die
0%
The Ghost and Molly McGee Season 1 You Got My Heart
0%
The Ghost and Molly McGee Season 2 You Gotta Be Low-key
0%
The Ghost and Molly McGee Season 2 You Gotta Go Big
0%
Disney Junior Music: Ready for Preschool Vol. 8 You Have a New Sibling
0%
Sonic Lunch 2024 You're All I Need (Live)
0%
The Ghost and Molly McGee Season 1 You're Hardly Working
0%
Disney Junior Music: Lullabies Vol. 2 You're My Best Friend
0%
The Ghost and Molly McGee Season 2 You've Been Jinxed
0%
Single Zabeth (an ode) (Live)
0%
γɘlwɒH ɘoႱ γɘlwɒH ɘoႱ zbooW ɘʜɈ n' zbooH
0%
No matching quizzes found
Score Distribution
Percent of People with Each Score
Percentile by Number Answered
Your Score History
You have not taken this quiz